00756 2200205 4500001002100000005001500021035002000036008004100056245004000097100001700137250000600154260003400160300002900194020002200223084001400245520025700259082000800516650001400524990001200538INLIS00000000000003320240502103220 a0010-0424000009240502 0 ind 1 aPsikologi dan Agama /cCarl G. Jung aJung, Carl G a1 aYogyakarta :bIR Cisod,c2017 a235 hlm ;c14 cm x 20 cm a978-602-391-370-1 a150 CAR p aSosok Carl G. Jung merupakan pakar psikologi yang amat penting dalam jagat psikoanalisis, selain Sigmund Freud dan Alfred Adler. Menyinggung khazanah pemikiran psikologi, termasuk korelasinya dengan agama, niscaya takkan bisa dilepaskan dari kiprahnya. a150 4aNon Fiksi a0737348